000 00889nam a2200265 a 4500
001 000013944
003 000013944
005 20180316103808.0
008 091202s1995 dr a 000 p spa d
040 _aBPMET
_bspa
_cBPMET
049 _aBNPD
092 _aRD861.44
_bU75b
100 1 _aUreña, Dulce
245 1 0 _aBabonucos /
_cDulce Ureña ;ilustración interior y portada Luz Severino.
260 _aSanto Domingo :
_bMujer y Escritura,
_c1995.
300 _a98 p. :
_bil.
_c23 cm.
500 _aIncluye datos biográficos del autor en la solapa de la contracubierta.
504 _aIncluye referencias bibliográficas y notas al pie de las páginas.
650 4 _aPOESÍA DOMINICANA
650 4 _aLITERATURA DOMINICANA
700 1 _aSeverino, Luz,
_eil.
942 _2ddc
_cBK
945 _aInventariado para la BNPHU, 2018 / BT
956 _aVMATEO
_b10
_c20150729
_lBPMSU
_h0069
999 _c7124
_d7124